000 00314nam a2200133Ia 4500
005 20260326235439.0
008 260326s9999||||xx |||||||||||||| ||und||
100 _aSafran, Yehuda E.
245 0 _aMies Van der Rohe /
_cYehuda E. Safran
260 _bBlau
300 _a214 p.
650 _aARQUITECTOS
942 _cBK
999 _c7340
_d7340